Normal view
MARC view
- Application software
Entry Topical Term
001 - CONTROL NUMBER
- control field: 96412
003 - CONTROL NUMBER IDENTIFIER
- control field: NUST
005 - DATE AND TIME OF LATEST TRANSACTION
- control field: 20220803123059.0
008 - FIXED-LENGTH DATA ELEMENTS
- fixed length control field: 220803|| aca||aabn | a|a d
040 ## - CATALOGING SOURCE
- Original cataloging agency: NUST
- Transcribing agency: NUST
150 ## - HEADING--TOPICAL TERM
- Topical term or geographic name entry element: Application software
- General subdivision: Design
670 ## - SOURCE DATA FOUND
- Source citation: Work cat.: (NUST)189412: Lee, Wei-Meng. 96411, Beginning Android application development /, c2011.
